| 000 | 00895cab a2200313 4500 | ||
|---|---|---|---|
| 001 | ABS46842 | ||
| 008 | 090401t1992 xxu||||| |||| 00| 0 eng d | ||
| 035 | _a(Sirsi) u59680 | ||
| 041 | _aeng | ||
| 100 | _aMcCleverty, A. | ||
| 245 | _aFarming tourists | ||
| 260 | _c1992 | ||
| 350 | _a0 | ||
| 490 |
_aLeisure Opportunities _vJuly 1992, 34-35(2) |
||
| 520 | _aConsiders whether diversification schemes are suitable replacements for traditional farming. Looks at the marketing of such schemes. | ||
| 650 |
_aArts and antiques _96217 |
||
| 650 | _aFARM DIVERSIFICATION | ||
| 650 | _aFARM MUSEUMS | ||
| 650 | _aFARM SHOPS | ||
| 650 | _aFARMING | ||
| 650 | _aHOLIDAY LETS | ||
| 650 | _aMARKETING | ||
| 650 | _aNATIONAL FARM ATTRACTIONS NETWORK UK | ||
| 650 | _aTOURISM | ||
| 690 | _aLEISURE AND RECREATION | ||
| 690 | _aRURAL PRACTICE | ||
| 942 | _n0 | ||
| 948 | _c04/03/1997 | ||
| 999 |
_c36653 _d36653 |
||